Rodinné domy - Bartókova ul.

Enregistré dans:
Détails bibliographiques
Auteur principal: Berec, Róbert (Auteur)
Autres auteurs: Makýš, Peter (Directeur de thèse)
Format: Manuscrit Livre
Langue:slovaque
Publié: 2024
Sujets:
Accès en ligne:http://is.stuba.sk/zp/portal_zp.pl?podrobnosti=179080
https://opac.crzp.sk/?fn=detailBiblioForm&sid=AA0D9432EF6DE826C8191A4F11D3
Tags: Ajouter un tag
Pas de tags, Soyez le premier à ajouter un tag!

MARC

LEADER 00000ntm a22000003a 4500
001 stuzp99254
003 SK-STU
005 20240909134500.1
007 ta
008 150427s2015----xo-----f-mn---000-0-slo-d
040 |a STU  |b slo 
041 0 |a slo 
100 1 |a Berec, Róbert  |u 010270  |4 aut  |U SvF Stavebná fakulta  |T SvF Katedra technológie stavieb  |X 103527  |U V270  |Y 28  |7 103527 
242 0 1 |a Family houses - Bartokova street  |y eng 
245 1 0 |a Rodinné domy - Bartókova ul. 
260 |c 2024 
650 4 |a auto s hydraulickou rukou  |2 slo 
650 4 |a histogram pracovníkov  |2 slo 
650 4 |a rodinné domy  |2 slo 
650 4 |a harmonogram  |2 slo 
650 4 |a family houses  |2 eng 
650 4 |a truck with hydraulic arm  |2 eng 
650 4 |a schedule  |2 eng 
650 4 |a histogram of workers  |2 eng 
700 1 |a Makýš, Peter  |u 010270  |k Z1  |4 ths  |U SvF Stavebná fakulta  |T SvF Katedra technológie stavieb  |X 2751  |U V270  |Y 28  |7 A000002751 
856 4 |u http://is.stuba.sk/zp/portal_zp.pl?podrobnosti=179080 
856 4 |u https://opac.crzp.sk/?fn=detailBiblioForm&sid=AA0D9432EF6DE826C8191A4F11D3